| 000 | 00000nam##2200000za#4500 |
| 001 | 9.574382 |
| 003 | CaOODSP |
| 005 | 20210624184145 |
| 007 | cr ||||||||||| |
| 008 | 150406|2008||||xxc|||||o f|0| 0 eng|d |
| 022 | |a1488-5379 |
| 040 | |aCaOODSP|beng |
| 043 | |an-cn--- |
| 086 | 1 |aFs97-6/2775E-PDF |
| 110 | 1 |aCanada. |bDepartment of Fisheries and Oceans. |
| 245 | 13|aAn evaluation of the survival of captive-reared Atlantic salmon (Salmo salar) eggs in incubation baskets in two inner Bay of Fundy rivers / |h[electronic resource]|cby J. J. Flanagan ... [et al.]. |
| 260 | |aMoncton - New Brunswick : |bFisheries and Oceans Canada |c2008. |
| 300 | |a37p.|bcoloured map, fig., graphs, references, tables, photographs |
| 490 | 1 |aCanadian technical report of fisheries and aquatic sciences|x1488-5379|v2775 |
| 500 | |aThe catalogue number (Fs97-6/2775E) and ISSN (0706-6457) for the print edition have been incorrectly copied in this electronic publication. |
| 546 | |a(Résumé en français) |
| 590 | |a12-33-Supp|b2012-07-18 |
| 720 | 1 |aFlanagan, J. J. |
| 776 | 0#|tAn evaluation of the survival of captive-reared Atlantic salmon (salmo salar) eggs in incubation baskets in two inner Bay of Fundy Rivers / |w(CaOODSP)9.618659 |
| 830 | #0|aCanadian technical report of fisheries and aquatic sciences,|x1488-5379|v2775|w(CaOODSP)9.504449 |
| 856 | 40|ahttp://publications.gc.ca|qPDF|s1.47 MB|uhttps://publications.gc.ca/collections/collection_2012/mpo-dfo/Fs97-6-2775-eng.pdf|y2775 |